Penwith District Council v VP Developments Ltd (Record no. 79752)

MARC details
000 -LEADER
fixed length control field 01808cad a22002055a 4500
001 - CONTROL NUMBER
control field L142224
008 - FIXED-LENGTH DATA ELEMENTS--GENERAL INFORMATION
fixed length control field 080130e20071102xxk f v 000 0 eng d
035 ## - SYSTEM CONTROL NUMBER
System control number (Sirsi) u142224
041 0# - LANGUAGE CODE
Language code of text/sound track or separate title eng
245 00 - TITLE STATEMENT
Title Penwith District Council v VP Developments Ltd
Medium [electronic resource]
260 ## - PUBLICATION, DISTRIBUTION, ETC.
Date of publication, distribution, etc. 2007
520 ## - SUMMARY, ETC.
Summary, etc. [2007] EWHC 2544 (TCC). 2 November 2007. Contracts and agreements for work should be clear about fees and schedules of payments to avoid costly misunderstandings. The applicant local authority applied for leave to appeal against an interim award of damages made by an arbitrator in favour of the respondent contractor (V). The local authority employed V to supply windows in the maintenance of an estate. V asked for an interim payment which was refused, so V borrowed from the bank. V served notice of arbitration after the local authority failed to make full payment. The arbitrator made an award in favour of V with compound interest on the grounds that a loan and the interest on it was foreseeable from the pre-contract correspondence. The local authority argued that the arbitrator had acted irrationally. Held: Application refused. Only questions of law were appropriate subject for appeal, not challenging a finding of fact on the basis of it being unreasonable or irrational. There was no error of law; it was not for the court to decide its own view of the facts in lieu of the arbitrator.
590 ## - LOCAL NOTE (RLIN)
Local note KA
650 24 - SUBJECT ADDED ENTRY--TOPICAL TERM
Topical term or geographic name entry element ARBITRATION ACT 1979
650 24 - SUBJECT ADDED ENTRY--TOPICAL TERM
Topical term or geographic name entry element PENWITH DC V VP DEVELOPMENTS
651 #4 - SUBJECT ADDED ENTRY--GEOGRAPHIC NAME
Geographic name England and Wales
Chronological subdivision 1543-
690 ## - LOCAL SUBJECT ADDED ENTRY--TOPICAL TERM (OCLC, RLIN)
Topical term or geographic name as entry element MANAGEMENT-DISPUTE AVOIDANCE, MANAGEMENT AND RESOLUTION-DISPUTE MANAGEMENT AND RESOLUTION-ARBITRATION
856 40 - ELECTRONIC LOCATION AND ACCESS
Uniform Resource Identifier <a href="https://www.bailii.org/ew/cases/EWHC/TCC/2007/2544.html">https://www.bailii.org/ew/cases/EWHC/TCC/2007/2544.html</a>
Public note View the judgment free of charge at www.bailii.org...
942 ## - ADDED ENTRY ELEMENTS (KOHA)
Suppress in OPAC 0
Holdings
Withdrawn status Lost status Source of classification or shelving scheme Damaged status Not for loan Home library Current library Shelving location Date acquired Total Checkouts Full call number Barcode Date last seen Copy number Price effective from Koha item type
    Dewey Decimal Classification     Virtual Virtual Online 30/01/2008   ONLINE PUBLICATION 142224-2001 06/08/2019 1 06/08/2019 Law report